JOHN E. FREUND'S MATHEMATICAL STATISTICS WITH APPLICATIONS (Record no. 216646)

MARC details
000 -LEADER
fixed length control field 00497nam a22001817a 4500
008 - FIXED-LENGTH DATA ELEMENTS--GENERAL INFORMATION
fixed length control field 260225b |||||||| |||| 00| 0 eng d
020 ## - INTERNATIONAL STANDARD BOOK NUMBER
International Standard Book Number 978-93-325-1905-3
100 ## - MAIN ENTRY--PERSONAL NAME
Personal name MILLER, IRWIN
245 ## - TITLE STATEMENT
Title JOHN E. FREUND'S MATHEMATICAL STATISTICS WITH APPLICATIONS
250 ## - EDITION STATEMENT
Edition statement 8TH ED
260 ## - PUBLICATION, DISTRIBUTION, ETC.
Place of publication, distribution, etc. CHENNAI, INDIA
Name of publisher, distributor, etc. PEARSON
Date of publication, distribution, etc. 2013
300 ## - PHYSICAL DESCRIPTION
Extent 472P.
500 ## - GENERAL NOTE
General note INCLUDES INDEX
650 ## - SUBJECT ADDED ENTRY
Topical term or geographic name entry element MATHEMATICAL STATISTICS
700 ## - ADDED ENTRY--PERSONAL NAME
Personal name MILLER, MARYLEES
942 ## - ADDED ENTRY ELEMENTS (KOHA)
Source of classification or shelving scheme Library of Congress Classification
Koha item type Long Loan Book
Holdings
Withdrawn status Lost status Source of classification or shelving scheme Damaged status Not for loan Collection Home library Current library Shelving location Date acquired Inventory number Total checkouts Full call number Barcode Date last seen Copy number Price effective from Koha item type
    Library of Congress Classification     Science & Technology Kisii University Library Kisii University Library On Display 02/25/2026 111556   QA 276 .M55 2013 A001204 02/25/2026 1 02/25/2026 Long Loan Book
    Library of Congress Classification     Science & Technology Kisii University Library Kisii University Library On Display 02/25/2026 111557   QA 276 .M55 2013 A001206 02/25/2026 2 02/25/2026 Long Loan Book
    Library of Congress Classification     Science & Technology Kisii University Library Kisii University Library On Display 02/25/2026 111558   QA 276 .M55 2013 A001207 02/25/2026 3 02/25/2026 Long Loan Book
    Library of Congress Classification     Science & Technology Kisii University Library Kisii University Library On Display 02/25/2026 111559   QA 276 .M55 2013 A001205 02/25/2026 4 02/25/2026 Long Loan Book